| 000 | 00439nam a2200169Ia 4500 | ||
|---|---|---|---|
| 003 | STCL | ||
| 008 | 181203s9999 xx 000 0 und d | ||
| 020 | _a9780071325226 | ||
| 040 |
_aSTCL _bEN _cSTCL |
||
| 082 | _222 | ||
| 100 | _aSilberschatz, Abraham; Korth, Henry F.; Sudarshan, S. | ||
| 245 | 0 | _aDatabase System Concepts | |
| 260 |
_bMcGraw Hill Education _aNew York _c2011 |
||
| 300 | _a1348 | ||
| 546 | _aEnglish | ||
| 942 |
_2ddc _cBK |
||
| 999 |
_c84247 _d84247 |
||